| 000 | 00471cam a22001571 4500 | ||
|---|---|---|---|
| 082 |
_a940.4 _bMAS _cD |
||
| 100 | 1 |
_aMasefield,J _949720 |
|
| 245 | 1 | 0 | _aGallipoli, |
| 260 |
_aLondon, _bHutchinson & co., _c1915. |
||
| 300 |
_aviii, 315 p. _billus. _c20 cm. |
||
| 526 |
_a0 _b0 _c0 _d940_400000000000000_MAS |
||
| 650 | 0 |
_aMCE _9379 |
|
| 650 | 0 |
_aWorld War, 1914-1918 _928173 |
|
| 650 | 0 |
_aWorld War, 1914-1918 _xCampaigns _zTurkey _zGallipoli Peninsula. _949290 |
|
| 942 |
_2ddc _cBK |
||
| 999 |
_c552499 _d552499 |
||